De facto /

Guardado en:
Autor Corporativo: Videopedia Britannica.
Formato: Deslizar
Materias:
Etiquetas: Agregar Etiqueta
Sin Etiquetas, Sea el primero en etiquetar este registro!
LEADER 00626ngm a22001935g 4500
001 CEM.cems021576
008 130507b199?##################0###0#####d
005 20240828175909.0
245 1 0 |a De facto /  |c Videopedia Britannica. 
300 |a 8 
500 |a En soporte VHS, consultar en ventanilla. 
505 0 |a Cuento infantil. 
538 |a Soporte: VHS - Norma: Pal N - Color - Compra CEMS - Hitachi=0000 
110 2 |a Videopedia Britannica. 
082 8 0 |/ VID-1 
653 |a LITERATURA INFANTIL 
653 |a CUENTOS INFANTILES 
653 |a LITERATURA 
859 |a CEMS  |b BIB. CEMS - Depto. Recursos Didacticos  |h 800  |i VID-1  |k DRD  |p 219.12  |t Ej.1